| 000 -LEADER |
| fixed length control field |
00922nam a22001697a 4500 |
| 005 - DATE AND TIME OF LATEST TRANSACTION |
| control field |
20260124093242.0 |
| 008 - FIXED-LENGTH DATA ELEMENTS--GENERAL INFORMATION |
| fixed length control field |
230713b ||||| |||| 00| 0 eng d |
| 040 ## - CATALOGING SOURCE |
| Transcribing agency |
SSBUL |
| Modifying agency |
SSBUL |
| 082 ## - DEWEY DECIMAL CLASSIFICATION NUMBER |
| Edition number |
23 |
| Classification number |
၅၉၉.၆၇၀၉၅၉၁ ရဲ ၁၆၀၂၀ (S-SAT) |
| 100 ## - MAIN ENTRY--PERSONAL NAME |
| Personal name |
ရဲမြင့်၊ |
| Miscellaneous information |
သစ်တော။ |
| 9 (RLIN) |
27876 |
| 245 ## - TITLE STATEMENT |
| Title |
မြိုင်ဟေဝန်တောဆင်ရိုင်းဖမ်းအဖွဲ့နှင့် လိုက်ပါခဲ့စဉ်က / |
| Statement of responsibility, etc. |
ရဲမြင့်(သစ်တော)။ |
| 260 ## - PUBLICATION, DISTRIBUTION, ETC. |
| Place of publication, distribution, etc. |
ရန်ကုန်၊ |
| Name of publisher, distributor, etc. |
စစ်သည်တော်စာပေ၊ |
| Date of publication, distribution, etc. |
၂၀၀၃။ |
| 300 ## - PHYSICAL DESCRIPTION |
| Extent |
၈၀ စာမျက်နှာ၊ |
| Other physical details |
ဓာတ်ပုံများ၊ |
| Dimensions |
၂၁ စင်တီ။ |
| 500 ## - GENERAL NOTE |
| General note |
S-SAT: Dr. Prof Sai Aung Tun |
| 650 ## - SUBJECT ADDED ENTRY--TOPICAL TERM |
| Topical term or geographic name entry element |
ဆင်များ |
| Geographic subdivision |
မြန်မာနိုင်ငံ။ |
| 9 (RLIN) |
27843 |
| 942 ## - ADDED ENTRY ELEMENTS (KOHA) |
| Source of classification or shelving scheme |
|
| Koha item type |
Book (Short term) |